La sala de espera

Gorde:
Xehetasun bibliografikoak
Egile nagusia: Mallea, Eduardo (autor)
Formatua: Liburua
Hizkuntza:gaztelania
Argitaratua: Buenos Aires Sudamericana 1957
Edizioa:2a. ed
Saila:Colección Horizonte
Gaiak:
Etiketak: Etiketa erantsi
Etiketarik gabe, Izan zaitez lehena erregistro honi etiketa jartzen!

MARC

LEADER 00000nam a2200000 a 4500
001 UCT6668
003 CL-VaPUC
008 970113e19570000AG |||||||||||||||||spa|d
082 0 4 |a Ar863  |b MAL  |2 21 
100 |a Mallea, Eduardo  |e autor  |9 541859 
245 1 3 |a La sala de espera 
250 |a 2a. ed 
300 |a 224 p 
942 |c BK 
945 |d 19970113 00:00:00  |a rleighto 
260 |a Buenos Aires  |b Sudamericana  |c 1957 
650 0 |a Novelas argentinas  |9 267871 
583 |a last modification  |c 19970113 00:00:00  |k Rodrigo Vera 
490 0 |a Colección Horizonte 
999 |c 255350  |d 255348 
952 |0 0  |1 0  |4 0  |6 AR_863_000000000000000_MAL_1957  |7 0  |8 A  |9 277564  |a BIBEDU  |b BIBEDU  |d 2019-11-19  |i 3268365  |o Ar863 MAL 1957  |p 3268365  |r 2019-11-19  |w 2019-11-19  |y BK  |k LIT